000 00413nam a2200181Ia 4500
001 805
005 20260306140545.0
008 260306t2008||||xx |||||||||||||| ||spa||
041 _aESP
082 _a170
_bE389
100 _aEtxeberria, Xabier
_eAUT
245 0 _aTemas básicos de ética
260 _c2008
300 _a207 páginas :
_c22 cm.
650 _aGEN
654 _aCHU
942 _cLIB
_dJUS
_fJUS
_2ddc
_n
999 _c805
_d805